| 000 | nam a22 a 4500 | ||
|---|---|---|---|
| 999 |
_c56202 _d56202 |
||
| 003 | BLK | ||
| 005 | 20221201135250.0 | ||
| 008 | 180408b bul|||||r ||||||| ||bul|| | ||
| 040 | _aBLK | ||
| 041 |
_aBUL _cBUL |
||
| 080 |
_aНаука за държавата и правото. Общи въпроси. Увод в правото. Методи и помощни науки на правото _b340 _x(497.2)(091)(075.8) _z340(497.2)(091)(075.8) |
||
| 100 | 1 |
_aАндреев, Михаил Николов _eпърви автор _9242334 |
|
| 139 |
_aАндреев, Михаил Николов и др. _bА 66 |
||
| 245 | 1 | 0 |
_aИстория на българската феодална държава и право _bУчебник за студентите от СУ Св. Климент Охридски _cМихаил Андреев, Фани Г. Милкова. |
| 257 | _aBGR | ||
| 260 |
_aСофия _bНаука и изкуство _c1979 |
||
| 300 |
_a407 с. _c22 см |
||
| 380 | _a3 | ||
| 650 | 4 |
_aДържава и право - България - история _9242335 |
|
| 651 | 4 |
_aБългария _9241624 |
|
| 653 | _aправо | ||
| 653 | _aучебници за ВУЗ | ||
| 700 | 1 |
_aМилкова, Фани Г. _eсъавт. _9242337 |
|
| 852 | _aЦб 101461 | ||
| 856 | 4 |
_qpdf _i0.00 _ldisable |
|
| 856 | 4 |
_qpdf _i0.00 _ldisable |
|
| 942 |
_cKNG _n0 _s1 |
||
| 944 |
_aCR _c13.06.2004 _kВиолета_Тройчева |
||
| 944 |
_aED _c28.12.2011 |
||
| 999 | _d56202 | ||